00688nam a2200145 a 4500008004100000050002000041110006400061245016100125260007900286300001400365650005000379650003000429650003700459650004600496190618s2014 ||||||||||||||||| || u aUNCTAD(08)TTF/5 aUnited Nations Conference on Trade and Development (UNCTAD)14aThe new frontier of competitiveness in developing countries :implementing trade facilitationcBy United Nations Conference on Trade and Development [UNCTAD] aGeneva:bUnited Nations Conference on Trade and Development (UNCTAD)c2014 a61p.:ill. aFOREIGN TRADE PROMOTION--DEVELOPING COUNTRIES 0aNON-TARIFF TRADE BARRIERS aFREE TRADE--DEVELOPING COUNTRIES 0aINTERNATIONAL TRADE--DEVELOPING COUNTRIES